000
00243nam a2200097Ia 4500
008
170619s9999 xx 000 0 und d
100
_a
Oliver / Cage
245
0
_a
Electronic Measurements and instrumentation
260
_b
Mc Graw Hill
260
_c
1971
546
_a
ENGLISH
999
_c
16940
_d
16940